| 000 | 00978nam a2200289 i 4500 | ||
|---|---|---|---|
| 001 | 11545 | ||
| 003 | KOSZ 005 | ||
| 005 | 20200630132824.0 | ||
| 008 | 071016s1969 pl a f 000 0 pol | ||
| 015 | _aPB 1969/1725 | ||
| 040 |
_aWA N _cWA N _dKOSZ 005/RW _dKOSZ 005/HR |
||
| 046 | _k1969 | ||
| 080 | _a351.72(438) | ||
| 100 | 1 |
_aKurowski, Leon _d(1907-1998) _eAutor |
|
| 245 | 1 | 0 |
_aPrawo finansowe / _cLeon Kurowski, Marian Weralski. |
| 250 | _aWyd. 2. | ||
| 260 |
_aWarszawa : _bPaństwowe Wydawnictwo Naukowe, _c1969. |
||
| 300 |
_a472, [3] s. : _bil. ; _c25 cm. |
||
| 380 | _aKsiążki. | ||
| 650 | 4 | _aPrawo finansowe | |
| 658 | 4 | _aGospodarka,ekonomia, finanse | |
| 658 | 4 | _aPrawo i wymiar sprawiedliwości | |
| 700 | 1 |
_aWeralski, Marian _d(1916-1993) _eAutor |
|
| 710 | 2 |
_aPaństwowe Wydawnictwo Naukowe _4pbl. |
|
| 856 |
_uhttp://koha.tu.koszalin.pl/cgi-bin/koha/opac-detail.pl?biblionumber=11545 _yKatalog online BPK |
||
| 942 |
_2UKD _cKS |
||
| 999 |
_c11545 _d11545 |
||